| 000 | 01458nam a2200313 a 4500 | ||
|---|---|---|---|
| 001 | 000016954 | ||
| 003 | DO-SdBNP | ||
| 005 | 20250513133224.0 | ||
| 007 | ta | ||
| 008 | 100312s1994 dr r 000 0 spa d | ||
| 040 |
_aDO-SdBNP _bspa _cBNPHU _erda |
||
| 082 | 4 |
_a379.7293 _bR426p, 1994- _222 |
|
| 110 | 1 |
_aRepública Dominicana. _bSecretaría de Estado de Educación, Bellas Artes y Cultos _923965 |
|
| 245 | 1 | 0 |
_aPlan Decenal de Educación en acción : _btransformación curricular en marcha |
| 264 | 1 |
_aSanto Domingo : _bSecretaría de Estado de Educación, Bellas Artes y Cultos, _c1994. |
|
| 300 |
_avolumen ; _c28 cm. |
||
| 336 |
_atexto _btxt _2rdacontent |
||
| 337 |
_asin mediación _bn _2rdamedia |
||
| 338 |
_avolumen _bnc _2rdacarrier |
||
| 490 | 1 | _aInnova 2000 | |
| 500 | _aLa biblioteca posee el v.4, v.11, v.12 | ||
| 505 | 0 | _av. 1. Fundamentos del curriculum. t. 1. Fundamentación teórico-metodológica. t. 2. Naturaleza de las áreas y ejes transversales -- v. 2. Educación especial -- v. 3 Nivel inicial -- v. 4. Nivel básico -- v.11. Nivel medio : modalidad técnico profesional -- v.12. Animación socio-cultural. | |
| 590 | _aInventariado, 2018/MFF | ||
| 650 | 0 |
_aPlanificación curricular _zRepública Dominicana _937482 |
|
| 650 | 0 |
_aCambios curriculares _zRepública Dominicana _937483 |
|
| 650 | 0 |
_aInnovaciones educativas _zRepública Dominicana _917115 |
|
| 910 | _aValidado. Control de calidad. MFF | ||
| 942 |
_2ddc _cLBS1 |
||
| 999 |
_c16486 _d16486 |
||